Quiz sur les logos - Statistiques

Statistiques générales
  • Ce quiz a été pris 1 299 fois
  • Le résultat moyen est 19 sur 20
Statistiques - réponses
Par images Réponse % Correct
Burger King
99%
Fanta
99%
Netflix
99%
Nike
99%
Puma
99%
Tiktok
98%
U
98%
Uno
97%
Kinder
95%
Bic
94%
Nintendo
93%
Apple
92%
Lego
92%
Ferrari
91%
Pringles
91%
Macdonald's
90%
Samsung
90%
Youtube
90%
La Vache qui rit
84%
Fc Nantes
71%
Aucun quiz correspondant
Distribution des résultats
% des personnes avec chaque résultat
Percentile par nombre de réponses
Votre historique - résultats
Vous n’avez pas pris ce quiz